| 000 | 00645nam a22002057a 4500 | ||
|---|---|---|---|
| 999 |
_c9722 _d9722 |
||
| 003 | AR-CdUCM | ||
| 008 | 190328b ||||| |||| 00| 0 spa d | ||
| 040 |
_aMUNICIPALIDAD PROVINCIAL DEL CUSCO _cBIBLIOTECA MUNICIPAL DEL CUSCO |
||
| 082 |
_25ed. _a470 / _bSI55 / 1932 |
||
| 100 |
_aSilva Arratia, Arturo _926118 |
||
| 245 | _aLatinidad / | ||
| 260 |
_aSantiago de Chile : _bImrenta de Chile, _c1932. |
||
| 300 |
_a141 páginas ; _c19 cm. |
||
| 500 | _aPrimera y segunda parte, libro de clase. | ||
| 650 |
_aLatin _913968 |
||
| 650 |
_aEstudio _94228 |
||
| 650 |
_aLibro de enseñanza _918919 |
||
| 942 |
_2ddc _cLIBROS |
||
| 945 |
_apjha _d2019-05-13 |
||